Catálogo

LES PLANTES FOURRAGERES TROPICALES (Registro nro. 18818)

Detalles MARC
000 -LEADER
fixed length control field 00509nam a2200181 a 4500
001 - CONTROL NUMBER
control field 18818
005 - DATE AND TIME OF LATEST TRANSACTION
control field 20180713212157.0
008 - FIXED-LENGTH DATA ELEMENTS--GENERAL INFORMATION
fixed length control field 140415s1967 000 0 spa d
041 ## - LANGUAGE CODE
Language code of text/sound track or separate title spa
082 ## - DEWEY DECIMAL CLASSIFICATION NUMBER
Classification number 633.2
Item number HAV
100 1# - MAIN ENTRY--PERSONAL NAME
Personal name HARVARD-DUCHAS, BERNARD
245 14 - TITLE STATEMENT
Title LES PLANTES FOURRAGERES TROPICALES
260 ## - PUBLICATION, DISTRIBUTION, ETC.
Place of publication, distribution, etc. [s.l.] :
Name of publisher, distributor, etc. MAISONNEUVE AND LAROSE,
Date of publication, distribution, etc. 1967
300 ## - PHYSICAL DESCRIPTION
Extent 397
650 14 - SUBJECT ADDED ENTRY--TOPICAL TERM
Topical term or geographic name entry element FORRAJE
700 1# - ADDED ENTRY--PERSONAL NAME
Personal name MAISINNEUVE AND LAROSE
Relator term tr.
740 ## - ADDED ENTRY--UNCONTROLLED RELATED/ANALYTICAL TITLE
Uncontrolled related/analytical title LAS PLANTAS FOURRAGERES TROPICALES
Existencias
Withdrawn status Lost status Source of classification or shelving scheme Damaged status Not for loan Collection code Home library Current library Shelving location Date acquired Source of acquisition Inventory number Total Checkouts Full call number Barcode Date last seen Price effective from Koha item type
    Dewey Decimal Classification     General Biblioteca Karol Wojtyla Biblioteca Karol Wojtyla Área de silencio 03/12/2013 Compra 151000000000000000011790   633.2 HAV 38219 05/01/2026 03/12/2013 Libro